000
00297nam a22001337a 4500
008
180928b xxu||||| |||| 00| 0 eng d
020
_a
0913515183
041
_a
eng
080
_a
721
100
_a
41
101
_a
ARK
245
_a
Clues to American Architecture
_c
Klein, M.W
942
_2
udc
_c
BK
999
_c
48660
_d
48660